Регионална библиотека "Любен Каравелов" - Русе

Бавно изгаряне (Запис номер 150135)

MARC детайли
000 -Лидер
Контролно поле с фиксирана дължина 01766nam a2200385 c 4500
003 - Код на организацията, давaща контролен номер
Контролно поле BLK
005 - Дата и час на последна редакция
Контролно поле 20250325113402.0
008 - Елементи от данни с фиксирана дължина
fixed length control field 180410b bul|||||r ||||||| ||bul||
010 ## - Наследен системен номер
LC control number KNG00156445000
020 ## - Международен стандартен номер на книга ISBN
Международен стандартен номер на книга ISBN 978-954-8186-79-7
-- издат.: Санома Блясък България
040 ## - Източник на каталожния запис
Идентификатор на билиотеката - собственик на записа BLK
041 ## - Код за език
Код за езика на текст/звукозапис или на отделно заглавие Български
Код за езика КДБФ Български
072 #7 - Код за тематичната категория
Код организация bullib
Код за тематична категория Н83
Текст Чужда художествена литература Н
080 ## - УДК
Текстов определител УДК Американска литература (на САЩ)
УДК код - определител по УДК 821.111(73)
УДК определител -31
УДК - код + определител 821.111(73)-31
100 1# - Редна дума - Автор
Автор Гаруд, Джули
Дати, свързани с автора 1946 -
Авторска отговорност първи автор
R(LIN) 51448
139 ## - Редно поле
Редна дума Гарууд, Джули
Авторски знак Гар - Г 23
245 10 - Сведения за заглавието
Заглавие Бавно изгаряне
Подзаглавни данни Роман
Редно поле (дума) * Джули Гарууд; Джули Гаруд; прев. от англ. Дори Генадиева Габровска.
250 ## - Област на изданието
Сведения за изданието 2. изд.
257 ## - Страна на издаване
Страна на създаване/издаване Съединени американски щати
260 ## - Област на издателските данни
-- София
Име на издателя, разпространителя и проч. Санома Блясък България
Година на издаване 2012
Печатница София : Инвестпрес
300 ## - Физическа характеристика
Страници 216 с.
Размери/Мащаб 20 см
380 ## - Жанр
Жанр Худож. лит.
490 1# - СЕРИИ (Колекции)
Име на серия Световни бестселъри
№: серия 7
500 ## - Общи забележки
Забележка 1. изд. 2008 на изд. Хермес в Мегаселър. - Ориг. загл. Slow Burn / Julie Garwood. - Разпространява се само със сп. Журнал за жената.
653 ## - Ключова дума – ненормативна
Ключова дума романи
659 ## - Тематичен бюлетин
Тематичен бюлетин Н
700 1# - Други автори (авторска отговорност)
Лично име Гарууд, Джули
Автороска отговорност (Описва отношението между автора и произведението) *
9 (RLIN) 51452
700 1# - Други автори (авторска отговорност)
Лично име Габровска, Дори Генадиева
Дати, свързани с автора 1969 -
Автороска отговорност (Описва отношението между автора и произведението) прев. от англ.
9 (RLIN) 50364
852 ## - Местоположение
Форматна сигнатура Цб 268025
856 4# - Електронен адрес и достъп
Електронен формат pdf - файл
Път до файла /url/
856 4# - Електронен адрес и достъп
Електронен формат pdf - файл
Път до файла /url/
942 ## - АРТИКУЛИ
Вид на библиотечния материал Книги
Скрит в OPAC Не
Koha issues (borrowed), all copies 14
944 ## - СЪЗДАВАНЕ И РЕДАКЦИЯ на ЗАПИСА
Създаване/Редакция Създаване
Дата на регистрацията/редакция 11.02.2014
Статус, дата на статуса Мартин Енчев
Служител, извършил регистрацията/редакцията 30575
944 ## - СЪЗДАВАНЕ И РЕДАКЦИЯ на ЗАПИСА
Създаване/Редакция Редакция
Дата на регистрацията/редакция 10.02.2016
Статус, дата на статуса ф /
Служител, извършил регистрацията/редакцията Виолета_Тройчева
999 ## - СИСТЕМНИ КОНТРОЛНИ НОМЕРА
Koha biblionumber 150135
Koha biblioitemnumber 150135
Наличности
Код за отписване Код за изгубен артикул Източник на класификационната схема Код за повреда Коз за рестрикции Код за отдаване Артикулен № Име на библиотеката - собственик Име на библиотеката, в която се намира в момента Статус (Текущо местоположение) Дата на вписване в системата Местоположение - отдел Цена в лева Инвентарен номер Систематично азбучна сигнатура Баркод Номер на екземпляра Цена в евро Служебна бележка Служебен тип на артикула
  Не е изгубен Universal Decimal Classification Не е повреден без рестрикции заемане за дома 250682 Регионална библиотека "Любен Каравелов" Русе Регионална библиотека "Любен Каравелов" Русе Заемна - подръчен фонд 2014-02-07 Заемна - подръчен фонд 8.00 120000774429 821-31/Г 23 Д 120000774429 1 4.09 Дост: DA Вид: А N: 3 Дата: 07.02.2014 Дата инв: 16.02.2018 Бележки инв: П2018 Книги
  Не е изгубен   Не е повреден без рестрикции ползва се в читалня 250683 Регионална библиотека "Любен Каравелов" Русе Регионална библиотека "Любен Каравелов" Русе Хранилище 2014-02-19 Хранилище 8.00 120000774717 Цб 268025 120000774717 2 4.09 Дост: Dp Вид: Д N: 6 Дата: 12.02.2013 Книги
Изтеглен Не е изгубен   Не е повреден без рестрикции заемане за дома 250684 Регионална библиотека "Любен Каравелов" Русе Регионална библиотека "Любен Каравелов" Русе Заемна - подръчен фонд 2015-12-28 Заемна - подръчен фонд 8.00 120000796412 П 820(73)-31/Г 23 120000796412 3 4.09 Дост: DA Вид: А N: 27 Дата: 28.12.2015 Дата инв: 15.02.2018 Бележки инв: П2018 Книги
Vip Innovations Ltd, Rousse, Bulgaria 2025